Enfants Sully - Avatar - Statistiques

Statistiques générales
  • Ce quiz a été pris 412 fois
  • Le résultat moyen est 4 sur 5
Statistiques - réponses
Hint Réponse % Correct
Fille adoptive Kiri
90%
Fils aîné Neteyam
89%
Deuxième fils Lo’ak
88%
Fils adoptif Spider
77%
Benjamine Tuk
76%
Aucun quiz correspondant
Distribution des résultats
% des personnes avec chaque résultat
Percentile par nombre de réponses
Votre historique - résultats
Vous n’avez pas pris ce quiz